[Event "Greek Team Championship"]
[Site "chess24.com"]
[Date "2017.07.04"]
[Round "3"]
[White "Athanasopoulos, Theodoros"]
[Black "Papadopoulos, Panteleimon"]
[Result "0-1"]
[Board "10"]
[WhiteElo "1297"]
[WhiteCountry "GRE"]
[WhiteFideId "25842722"]
[WhiteEloChange "-8"]
[BlackElo "1355"]
[BlackCountry "GRE"]
[BlackFideId "25831143"]
[BlackEloChange "8"]

1. d4 {[%clk 1:30:52]} d5 {[%clk 1:29:51]} 2. Nc3 {[%clk 1:31:10]} Nf6 {[%clk
1:29:04]} 3. Bg5 {[%clk 1:31:34]} e6 {[%clk 1:28:08]} 4. e4 {[%clk 1:31:55]} Be7
{[%clk 1:24:57]} 5. e5 {[%clk 1:31:55]} Ne4 {[%clk 1:18:15]} 6. Bxe7 {[%clk
1:29:35]} Qxe7 {[%clk 1:16:39]} 7. Nxe4 {[%clk 1:29:03]} dxe4 {[%clk 1:15:52]} 8.
Qg4 {[%clk 1:25:54]} O-O {[%clk 1:14:53]} 9. Qxe4 {[%clk 1:26:18]} Qb4+ {[%clk
1:14:24]} 10. Ke2 {[%clk 1:20:07]} Qxb2 {[%clk 1:13:34]} 11. Rd1 {[%clk 1:20:32]}
Bd7 {[%clk 1:10:02]} 12. Nf3 {[%clk 1:18:16]} Bc6 {[%clk 1:09:19]} 13. Qh4 {[%clk
1:16:21]} Qxc2+ {[%clk 1:05:10]} 14. Rd2 {[%clk 1:16:32]} Qe4+ {[%clk 0:58:26]}
15. Qxe4 {[%clk 1:15:47]} Bxe4 {[%clk 0:58:43]} 16. Ke3 {[%clk 1:14:34]} Bxf3
{[%clk 0:56:14]} 17. gxf3 {[%clk 1:14:02]} Nd7 {[%clk 0:55:07]} 18. Bd3 {[%clk
1:14:08]} Nb6 {[%clk 0:54:51]} 19. Ke2 {[%clk 1:12:38]} Rfd8 {[%clk 0:53:44]} 20.
Be4 {[%clk 1:11:46]} c6 {[%clk 0:52:17]} 21. f4 {[%clk 1:10:59]} Rd7 {[%clk
0:48:07]} 22. f5 {[%clk 1:11:03]} Rad8 {[%clk 0:47:47]} 23. fxe6 {[%clk 1:10:44]}
fxe6 {[%clk 0:47:18]} 24. Rhd1 {[%clk 1:10:26]} Nc4 {[%clk 0:46:53]} 25. Rc2
{[%clk 1:09:59]} Rxd4 {[%clk 0:42:22]} 26. Rxd4 {[%clk 1:08:43]} Rxd4 {[%clk
0:42:30]} 27. Bd3 {[%clk 1:07:55]} Nxe5 {[%clk 0:42:07]} 28. Rd2 {[%clk 1:07:37]}
Rxd3 {[%clk 0:41:32]} 29. Rxd3 {[%clk 1:07:59]} Nxd3 {[%clk 0:41:52]} 30. Kxd3
{[%clk 1:08:27]} Kf7 {[%clk 0:42:04]} 31. Kd4 {[%clk 1:08:50]} Kf6 {[%clk
0:42:22]} 32. Kc5 {[%clk 1:07:59]} Ke5 {[%clk 0:41:45]} 33. a4 {[%clk 1:08:12]}
Kf4 {[%clk 0:41:52]} 34. Kd6 {[%clk 1:08:35]} e5 {[%clk 0:42:02]} 35. Kc7 {[%clk
1:08:53]} c5 {[%clk 0:42:09]} 36. Kxb7 {[%clk 1:09:22]} c4 {[%clk 0:41:55]} 37.
Kxa7 {[%clk 1:09:44]} c3 {[%clk 0:42:02]} 38. a5 {[%clk 1:10:10]} c2 {[%clk
0:41:52]} 39. a6 {[%clk 1:10:35]} c1Q {[%clk 0:41:52]} 40. Kb8 {[%clk 1:40:47]}
Qc6 {[%clk 1:10:02]} 0-1

[Event "Greek Team Championship"]
[Site "chess24.com"]
[Date "2017.07.04"]
[Round "3"]
[White "Halkias, Alexandros"]
[Black "Balogh, Csaba"]
[Result "0-1"]
[Board "1"]
[WhiteElo "2094"]
[WhiteCountry "GRE"]
[WhiteFideId "4203976"]
[WhiteEloChange "-2"]
[BlackElo "2641"]
[BlackTitle "GM"]
[BlackCountry "HUN"]
[BlackFideId "718939"]
[BlackEloChange "1"]

1. d4 {[%clk 1:30:46]} Nf6 {[%clk 1:30:48]} 2. Nf3 {[%clk 1:30:45]} c5 {[%clk
1:30:49]} 3. e3 {[%clk 1:29:45]} e6 {[%clk 1:30:58]} 4. Bd3 {[%clk 1:29:23]} d5
{[%clk 1:27:04]} 5. b3 {[%clk 1:21:57]} Nc6 {[%clk 1:26:52]} 6. a3 {[%clk
1:21:18]} Bd6 {[%clk 1:20:41]} 7. Bb2 {[%clk 1:20:08]} O-O {[%clk 1:20:56]} 8.
Nbd2 {[%clk 1:19:18]} b6 {[%clk 1:20:55]} 9. O-O {[%clk 1:19:03]} Bb7 {[%clk
1:21:18]} 10. Ne5 {[%clk 1:16:17]} Rc8 {[%clk 1:18:52]} 11. f4 {[%clk 1:06:24]}
Ne7 {[%clk 1:17:54]} 12. Qf3 {[%clk 0:49:25]} b5 {[%clk 1:16:20]} 13. dxc5 {[%clk
0:39:08]} Bxc5 {[%clk 1:16:36]} 14. b4 {[%clk 0:38:58]} Bb6 {[%clk 1:15:57]} 15.
Nb3 {[%clk 0:38:42]} Ne4 {[%clk 1:14:04]} 16. Nd4 {[%clk 0:30:40]} Nf5 {[%clk
1:02:51]} 17. Rad1 {[%clk 0:19:26]} Nxd4 {[%clk 0:53:30]} 18. exd4 {[%clk
0:11:24]} Qd6 {[%clk 0:41:13]} 19. Qh3 {[%clk 0:08:42]} Rc7 {[%clk 0:31:45]} 20.
Kh1 {[%clk 0:07:20]} Rfc8 {[%clk 0:22:44]} 21. f5 {[%clk 0:07:11]} f6 {[%clk
0:22:54]} 22. Ng4 {[%clk 0:03:38]} exf5 {[%clk 0:21:42]} 23. Rxf5 {[%clk
0:03:18]} Rxc2 {[%clk 0:19:22]} 24. Bxc2 {[%clk 0:02:20]} Rxc2 {[%clk 0:19:17]}
25. Qb3 {[%clk 0:02:32]} Bc8 {[%clk 0:19:07]} 26. Rxd5 {[%clk 0:01:27]} Rxb2
{[%clk 0:18:07]} 27. Qxb2 {[%clk 0:01:50]} Qxd5 {[%clk 0:18:28]} 28. Ne3 {[%clk
0:02:07]} Qg5 {[%clk 0:16:08]} 29. Re1 {[%clk 0:00:47]} Bb7 {[%clk 0:15:43]} 30.
Qa2+ {[%clk 0:00:47]} Kf8 {[%clk 0:16:01]} 31. Qe6 {[%clk 0:01:04]} Bxd4 {[%clk
0:15:15]} 32. Nf5 {[%clk 0:00:45]} Nf2+ {[%clk 0:15:36]} 0-1

[Event "Greek Team Championship"]
[Site "chess24.com"]
[Date "2017.07.04"]
[Round "3"]
[White "Tzermiadianos, Andreas"]
[Black "Xilogiannis, Dimitrios"]
[Result "1-0"]
[Board "2"]
[WhiteElo "2428"]
[WhiteTitle "IM"]
[WhiteCountry "GRE"]
[WhiteFideId "4200853"]
[WhiteEloChange "1"]
[BlackElo "1909"]
[BlackCountry "GRE"]
[BlackFideId "4239016"]
[BlackEloChange "-2"]

1. e4 {[%clk 1:30:30]} c5 {[%clk 1:30:49]} 2. Nf3 {[%clk 1:31:14]} e6 {[%clk
1:31:13]} 3. c3 {[%clk 1:31:09]} d5 {[%clk 1:30:48]} 4. exd5 {[%clk 1:31:31]}
Qxd5 {[%clk 1:31:13]} 5. Na3 {[%clk 1:31:00]} Qd8 {[%clk 1:29:07]} 6. Nc2 {[%clk
1:30:57]} Nf6 {[%clk 1:28:42]} 7. d4 {[%clk 1:30:48]} Be7 {[%clk 1:24:55]} 8. Bd3
{[%clk 1:29:31]} O-O {[%clk 1:23:53]} 9. O-O {[%clk 1:29:28]} Nbd7 {[%clk
1:22:13]} 10. Re1 {[%clk 1:24:16]} Qc7 {[%clk 1:17:58]} 11. Bf1 {[%clk 1:18:18]}
b6 {[%clk 1:14:24]} 12. dxc5 {[%clk 0:55:25]} Nxc5 {[%clk 1:11:48]} 13. Ncd4
{[%clk 0:55:46]} a6 {[%clk 1:05:37]} 14. g3 {[%clk 0:49:03]} Bb7 {[%clk 1:03:15]}
15. Bf4 {[%clk 0:48:45]} Qc8 {[%clk 1:01:19]} 16. Bg2 {[%clk 0:44:45]} b5 {[%clk
0:55:37]} 17. Qe2 {[%clk 0:41:47]} Nd5 {[%clk 0:43:16]} 18. Bd2 {[%clk 0:35:17]}
Na4 {[%clk 0:35:57]} 19. Bg5 {[%clk 0:35:32]} Bxg5 {[%clk 0:34:43]} 20. Nxg5
{[%clk 0:36:00]} Nf6 {[%clk 0:30:40]} 21. Rac1 {[%clk 0:27:50]} Bxg2 {[%clk
0:30:29]} 22. Kxg2 {[%clk 0:28:13]} Qb7+ {[%clk 0:28:39]} 23. Ngf3 {[%clk
0:28:41]} Rac8 {[%clk 0:26:36]} 24. Kg1 {[%clk 0:28:03]} Nb6 {[%clk 0:19:57]} 25.
Ne5 {[%clk 0:27:03]} Nc4 {[%clk 0:15:25]} 26. Nxc4 {[%clk 0:24:16]} Rxc4 {[%clk
0:14:56]} 27. a3 {[%clk 0:22:55]} Rfc8 {[%clk 0:11:09]} 28. Rcd1 {[%clk 0:23:05]}
h6 {[%clk 0:08:52]} 29. Rd3 {[%clk 0:22:21]} Nd5 {[%clk 0:07:06]} 30. Qf3 {[%clk
0:19:30]} R4c7 {[%clk 0:03:41]} 31. Red1 {[%clk 0:17:52]} Rd8 {[%clk 0:01:20]}
32. Nc2 {[%clk 0:14:02]} Rcd7 {[%clk 0:01:07]} 33. Ne3 {[%clk 0:13:58]} Qc6
{[%clk 0:00:50]} 34. Rd4 {[%clk 0:13:26]} Kf8 {[%clk 0:00:42]} 35. h4 {[%clk
0:12:51]} Ke8 {[%clk 0:00:48]} 36. c4 {[%clk 0:09:35]} Ne7 {[%clk 0:00:59]} 37.
Qg4 {[%clk 0:08:21]} Rxd4 {[%clk 0:01:06]} 38. Rxd4 {[%clk 0:08:46]} Rxd4 {[%clk
0:01:08]} 39. Qxd4 {[%clk 0:09:15]} f6 {[%clk 0:00:34]} 40. b3 {[%clk 0:38:37]}
Kf7 {[%clk 0:00:34]} 41. cxb5 {[%clk 0:33:45]} axb5 {[%clk 0:26:55]} 42. a4
{[%clk 0:33:30]} bxa4 {[%clk 0:25:59]} 43. bxa4 {[%clk 0:33:53]} Ng6 {[%clk
0:14:27]} 44. Nc4 {[%clk 0:17:02]} e5 {[%clk 0:10:05]} 45. Qa7+ {[%clk 0:15:59]}
Ne7 {[%clk 0:09:12]} 46. Ne3 {[%clk 0:15:34]} Qe4 {[%clk 0:07:36]} 47. a5 {[%clk
0:15:21]} f5 {[%clk 0:06:39]} 48. Qc5 {[%clk 0:12:19]} f4 {[%clk 0:05:02]} 49.
Qc4+ {[%clk 0:09:33]} Qxc4 {[%clk 0:05:20]} 50. Nxc4 {[%clk 0:10:01]} fxg3 {[%clk
0:05:00]} 51. fxg3 {[%clk 0:09:29]} Nc6 {[%clk 0:05:00]} 52. a6 {[%clk 0:09:24]}
Ke6 {[%clk 0:04:18]} 53. Kf2 {[%clk 0:09:28]} Na7 {[%clk 0:03:38]} 54. Ke3 {[%clk
0:08:50]} Kd5 {[%clk 0:02:39]} 55. Nd2 {[%clk 0:09:00]} Nc6 {[%clk 0:02:03]} 56.
h5 {[%clk 0:09:23]} Na7 {[%clk 0:01:44]} 57. g4 {[%clk 0:09:35]} Nc6 {[%clk
0:01:42]} 58. Ne4 {[%clk 0:09:29]} Na7 {[%clk 0:01:35]} 59. Nc3+ {[%clk 0:06:35]}
Ke6 {[%clk 0:01:36]} 60. Kd3 {[%clk 0:06:17]} Kf6 {[%clk 0:01:31]} 61. Ne4+
{[%clk 0:06:35]} Ke6 {[%clk 0:00:54]} 62. Kc4 {[%clk 0:06:59]} Nc6 {[%clk
0:01:06]} 63. Kc5 {[%clk 0:06:22]} Kd7 {[%clk 0:01:07]} 64. Kb6 {[%clk 0:06:24]}
Ne7 {[%clk 0:01:13]} 65. Kb7 {[%clk 0:05:12]} Nc6 {[%clk 0:01:13]} 66. Kb6 {[%clk
0:03:51]} Ne7 {[%clk 0:01:14]} 67. Kc5 {[%clk 0:04:05]} Nc6 {[%clk 0:01:05]} 68.
Nd6 {[%clk 0:04:04]} e4 {[%clk 0:00:37]} 69. Nxe4 {[%clk 0:04:26]} Kc7 {[%clk
0:00:47]} 70. Nd6 {[%clk 0:04:44]} Ne5 {[%clk 0:00:44]} 71. a7 {[%clk 0:04:04]}
Nd7+ {[%clk 0:01:09]} 72. Kb5 {[%clk 0:04:01]} Nb6 {[%clk 0:01:15]} 73. Ne8+
{[%clk 0:03:19]} Kb7 {[%clk 0:01:39]} 74. Nxg7 {[%clk 0:03:28]} Kxa7 {[%clk
0:01:54]} 75. g5 {[%clk 0:02:57]} hxg5 {[%clk 0:02:00]} 76. h6 {[%clk 0:03:24]}
Nc8 {[%clk 0:01:13]} 77. Nf5 {[%clk 0:03:42]} 1-0

[Event "Greek Team Championship"]
[Site "chess24.com"]
[Date "2017.07.04"]
[Round "3"]
[White "Kivelos, Sotirios"]
[Black "Gazis, Efstathios"]
[Result "0-1"]
[Board "3"]
[WhiteElo "1903"]
[WhiteCountry "GRE"]
[WhiteFideId "4208374"]
[WhiteEloChange "-3"]
[BlackElo "2232"]
[BlackTitle "FM"]
[BlackCountry "GRE"]
[BlackFideId "4200659"]
[BlackEloChange "3"]

1. d4 {[%clk 1:30:20]} Nf6 {[%clk 1:30:36]} 2. Nf3 {[%clk 1:29:38]} e6 {[%clk
1:30:49]} 3. Bg5 {[%clk 1:28:35]} c5 {[%clk 1:30:54]} 4. Bxf6 {[%clk 1:27:55]}
Qxf6 {[%clk 1:31:12]} 5. e3 {[%clk 1:27:38]} cxd4 {[%clk 1:29:23]} 6. exd4 {[%clk
1:27:38]} b6 {[%clk 1:25:15]} 7. Bd3 {[%clk 1:22:19]} Bb7 {[%clk 1:22:50]} 8.
Nbd2 {[%clk 1:21:35]} Qd8 {[%clk 1:21:34]} 9. O-O {[%clk 1:18:17]} Be7 {[%clk
1:19:08]} 10. a4 {[%clk 1:13:11]} a6 {[%clk 1:19:31]} 11. c3 {[%clk 1:07:27]} d6
{[%clk 1:18:29]} 12. Be4 {[%clk 1:03:45]} Qc7 {[%clk 1:17:51]} 13. Bxb7 {[%clk
1:03:20]} Qxb7 {[%clk 1:18:14]} 14. Qb3 {[%clk 0:57:00]} Nd7 {[%clk 1:11:52]} 15.
Rfe1 {[%clk 0:55:38]} O-O {[%clk 1:11:47]} 16. Ne4 {[%clk 0:45:28]} d5 {[%clk
1:10:36]} 17. Ng3 {[%clk 0:41:37]} Bd6 {[%clk 1:10:21]} 18. Nf1 {[%clk 0:38:58]}
b5 {[%clk 1:10:11]} 19. Ne3 {[%clk 0:38:21]} b4 {[%clk 1:04:46]} 20. a5 {[%clk
0:34:48]} Rfc8 {[%clk 1:01:22]} 21. c4 {[%clk 0:31:38]} dxc4 {[%clk 0:59:46]} 22.
Nxc4 {[%clk 0:32:00]} Qd5 {[%clk 0:59:22]} 23. Rac1 {[%clk 0:31:16]} Rc7 {[%clk
0:47:39]} 24. Qa2 {[%clk 0:28:38]} Bf4 {[%clk 0:38:18]} 25. Rc2 {[%clk 0:28:20]}
b3 {[%clk 0:37:57]} 26. Qxb3 {[%clk 0:28:29]} Rac8 {[%clk 0:38:14]} 27. g3 {[%clk
0:25:07]} Bh6 {[%clk 0:29:50]} 28. Nfe5 {[%clk 0:18:32]} Nxe5 {[%clk 0:28:54]}
29. Rxe5 {[%clk 0:18:04]} Qxd4 {[%clk 0:28:51]} 30. Re1 {[%clk 0:09:09]} Rxc4
{[%clk 0:28:40]} 31. Rxc4 {[%clk 0:09:30]} Qxc4 {[%clk 0:28:57]} 32. Qxc4 {[%clk
0:09:25]} Rxc4 {[%clk 0:29:21]} 33. Rd1 {[%clk 0:09:41]} Rc1 {[%clk 0:28:46]} 34.
Rxc1 {[%clk 0:09:45]} Bxc1 {[%clk 0:29:09]} 35. b4 {[%clk 0:10:09]} Bd2 {[%clk
0:29:29]} 0-1

[Event "Greek Team Championship"]
[Site "chess24.com"]
[Date "2017.07.04"]
[Round "3"]
[White "Papadopoulos, Nikolaos"]
[Black "Palaskos, Ahileas"]
[Result "1-0"]
[Board "4"]
[WhiteElo "2216"]
[WhiteCountry "GRE"]
[WhiteFideId "4211596"]
[WhiteEloChange "2"]
[BlackElo "1803"]
[BlackCountry "GRE"]
[BlackFideId "4218604"]
[BlackEloChange "-2"]

1. d4 {[%clk 1:28:59]} Nf6 {[%clk 1:30:50]} 2. c4 {[%clk 1:28:04]} e6 {[%clk
1:31:15]} 3. Nf3 {[%clk 1:23:13]} Bb4+ {[%clk 1:30:59]} 4. Nbd2 {[%clk 1:23:41]}
b6 {[%clk 1:26:57]} 5. a3 {[%clk 1:21:05]} Bxd2+ {[%clk 1:26:49]} 6. Qxd2 {[%clk
1:21:00]} Bb7 {[%clk 1:26:57]} 7. e3 {[%clk 1:20:06]} O-O {[%clk 1:26:46]} 8. Be2
{[%clk 1:17:43]} d6 {[%clk 1:26:07]} 9. O-O {[%clk 1:17:15]} Ne4 {[%clk 1:23:40]}
10. Qc2 {[%clk 1:17:43]} f5 {[%clk 1:24:04]} 11. Nd2 {[%clk 1:06:21]} Nd7 {[%clk
1:15:42]} 12. f3 {[%clk 0:53:34]} Nxd2 {[%clk 1:06:50]} 13. Bxd2 {[%clk 0:53:28]}
Qh4 {[%clk 1:06:48]} 14. d5 {[%clk 0:48:23]} Rae8 {[%clk 0:53:08]} 15. b4 {[%clk
0:44:50]} Ne5 {[%clk 0:44:20]} 16. Rf2 {[%clk 0:22:09]} Kh8 {[%clk 0:40:36]} 17.
Rd1 {[%clk 0:18:51]} Ng6 {[%clk 0:28:41]} 18. dxe6 {[%clk 0:09:56]} Rxe6 {[%clk
0:23:24]} 19. c5 {[%clk 0:09:58]} dxc5 {[%clk 0:19:39]} 20. bxc5 {[%clk 0:10:25]}
f4 {[%clk 0:17:39]} 21. exf4 {[%clk 0:07:13]} Nxf4 {[%clk 0:16:42]} 22. Bxf4
{[%clk 0:07:08]} Qxf4 {[%clk 0:16:37]} 23. cxb6 {[%clk 0:05:24]} axb6 {[%clk
0:11:23]} 24. g3 {[%clk 0:03:19]} Qe5 {[%clk 0:10:07]} 25. f4 {[%clk 0:02:47]}
Qe4 {[%clk 0:09:17]} 26. Qxe4 {[%clk 0:02:44]} Bxe4 {[%clk 0:09:45]} 27. Rd7
{[%clk 0:02:30]} Rc6 {[%clk 0:07:16]} 28. Bf3 {[%clk 0:01:42]} Bxf3 {[%clk
0:05:08]} 29. Rxf3 {[%clk 0:02:10]} Re8 {[%clk 0:05:37]} 30. Re3 {[%clk 0:01:49]}
Rg8 {[%clk 0:00:58]} 31. Kg2 {[%clk 0:01:33]} h6 {[%clk 0:00:41]} 32. Kh3 {[%clk
0:00:57]} Rc2 {[%clk 0:00:36]} 33. Kg4 {[%clk 0:00:39]} Rxh2 {[%clk 0:00:36]} 34.
Rxc7 {[%clk 0:00:55]} Rb2 {[%clk 0:00:33]} 35. Rb7 {[%clk 0:00:44]} Rb5 {[%clk
0:00:34]} 36. Ree7 {[%clk 0:00:54]} h5+ {[%clk 0:00:33]} 37. Kh4 {[%clk 0:00:57]}
Kh7 {[%clk 0:00:37]} 38. Ra7 {[%clk 0:00:46]} Kg6 {[%clk 0:00:33]} 39. Rec7
{[%clk 0:00:46]} Kf6 {[%clk 0:00:31]} 40. Rc6+ {[%clk 0:30:53]} Kf5 {[%clk
0:30:36]} 41. Rf7+ {[%clk 0:24:20]} Ke4 {[%clk 0:29:14]} 42. Rg6 {[%clk 0:22:59]}
Ra8 {[%clk 0:22:22]} 43. Rfxg7 {[%clk 0:22:05]} Rxa3 {[%clk 0:20:42]} 44. Rg5
{[%clk 0:18:59]} Rb1 {[%clk 0:07:33]} 45. Kxh5 {[%clk 0:18:10]} Rh1+ {[%clk
0:03:48]} 46. Kg6 {[%clk 0:16:13]} Rg1 {[%clk 0:03:49]} 47. Re7+ {[%clk 0:15:57]}
Kd4 {[%clk 0:03:29]} 48. Rb7 {[%clk 0:07:08]} Rgxg3 {[%clk 0:01:59]} 49. Rxb6
{[%clk 0:06:41]} Rxg5+ {[%clk 0:00:34]} 50. fxg5 {[%clk 0:06:51]} Ke5 {[%clk
0:00:43]} 51. Rf6 {[%clk 0:05:56]} Rg3 {[%clk 0:00:44]} 52. Rf1 {[%clk 0:05:27]}
Ke6 {[%clk 0:00:50]} 53. Re1+ {[%clk 0:05:46]} Kd7 {[%clk 0:01:11]} 54. Kf6
{[%clk 0:05:57]} Rf3+ {[%clk 0:01:25]} 55. Kg7 {[%clk 0:06:15]} Rg3 {[%clk
0:01:50]} 56. g6 {[%clk 0:06:36]} Rg2 {[%clk 0:01:30]} 57. Kf7 {[%clk 0:06:54]}
Rf2+ {[%clk 0:01:51]} 58. Kg8 {[%clk 0:07:13]} Rg2 {[%clk 0:02:19]} 59. g7 {[%clk
0:07:32]} Kd6 {[%clk 0:01:33]} 60. Rh1 {[%clk 0:06:55]} Ke7 {[%clk 0:01:32]} 61.
Kh8 {[%clk 0:06:49]} Kf7 {[%clk 0:01:25]} 62. Rf1+ {[%clk 0:07:17]} 1-0

[Event "Greek Team Championship"]
[Site "chess24.com"]
[Date "2017.07.04"]
[Round "3"]
[White "Skiadaresi, Antonia"]
[Black "Nikolaidou, Maria"]
[Result "1/2-1/2"]
[Board "6"]
[WhiteElo "1394"]
[WhiteCountry "GRE"]
[WhiteFideId "4246578"]
[WhiteEloChange "-4"]
[BlackElo "1259"]
[BlackCountry "GRE"]
[BlackFideId "4240022"]
[BlackEloChange "4"]

1. d4 {[%clk 1:30:55]} Nf6 {[%clk 1:30:52]} 2. Nf3 {[%clk 1:31:14]} g6 {[%clk
1:31:07]} 3. c4 {[%clk 1:31:07]} Bg7 {[%clk 1:31:29]} 4. g3 {[%clk 1:31:21]} O-O
{[%clk 1:31:18]} 5. Bg2 {[%clk 1:31:21]} d6 {[%clk 1:31:04]} 6. Nc3 {[%clk
1:30:25]} Nbd7 {[%clk 1:28:38]} 7. O-O {[%clk 1:29:29]} e5 {[%clk 1:27:14]} 8. e4
{[%clk 1:29:11]} Re8 {[%clk 1:25:16]} 9. h3 {[%clk 1:26:23]} a6 {[%clk 1:21:56]}
10. Qc2 {[%clk 1:22:56]} exd4 {[%clk 1:20:43]} 11. Nxd4 {[%clk 1:22:12]} Nxe4
{[%clk 1:19:01]} 12. Nxe4 {[%clk 1:13:28]} Bxd4 {[%clk 1:18:28]} 13. Qd1 {[%clk
1:02:46]} Bg7 {[%clk 1:14:42]} 14. Rb1 {[%clk 0:58:31]} h6 {[%clk 1:12:28]} 15.
Be3 {[%clk 0:55:38]} Ne5 {[%clk 1:08:50]} 16. b3 {[%clk 0:46:01]} Bf5 {[%clk
1:04:28]} 17. Rc1 {[%clk 0:41:03]} Qc8 {[%clk 0:52:59]} 18. Kh2 {[%clk 0:39:25]}
Ng4+ {[%clk 0:36:50]} 19. hxg4 {[%clk 0:35:41]} Bxe4 {[%clk 0:37:04]} 20. g5
{[%clk 0:33:34]} hxg5 {[%clk 0:34:03]} 21. Bxg5 {[%clk 0:32:30]} Bb2 {[%clk
0:33:33]} 22. Bxe4 {[%clk 0:11:22]} Bxc1 {[%clk 0:32:03]} 23. Bxc1 {[%clk
0:06:43]} Rxe4 {[%clk 0:31:39]} 24. Bb2 {[%clk 0:07:01]} Qe8 {[%clk 0:27:49]} 25.
Qc1 {[%clk 0:05:56]} Re2 {[%clk 0:24:36]} 26. Ba1 {[%clk 0:05:04]} Qf8 {[%clk
0:21:07]} 27. Qc3 {[%clk 0:03:56]} Qh6+ {[%clk 0:20:34]} 28. Kg2 {[%clk 0:04:14]}
Rae8 {[%clk 0:19:09]} 29. Rh1 {[%clk 0:03:48]} Qxh1+ {[%clk 0:15:04]} 30. Kxh1
{[%clk 0:04:13]} Kf8 {[%clk 0:14:36]} 31. Qg7+ {[%clk 0:03:25]} Ke7 {[%clk
0:14:51]} 32. Qf6+ {[%clk 0:03:30]} Kd7 {[%clk 0:15:06]} 33. Qxf7+ {[%clk
0:03:44]} R8e7 {[%clk 0:13:36]} 34. Qxg6 {[%clk 0:02:58]} Re1+ {[%clk 0:13:37]}
35. Kg2 {[%clk 0:02:45]} Rxa1 {[%clk 0:13:58]} 36. Qf5+ {[%clk 0:02:34]} Kd8
{[%clk 0:11:31]} 37. Qf8+ {[%clk 0:02:42]} Kd7 {[%clk 0:11:38]} 38. Qf5+ {[%clk
0:02:24]} Kd8 {[%clk 0:11:56]} 39. Qf8+ {[%clk 0:01:49]} Kd7 {[%clk 0:12:17]} 40.
Qa8 {[%clk 0:30:38]} Kc6 {[%clk 0:40:48]} 41. Qf8 {[%clk 0:23:13]} Kd7 {[%clk
0:38:37]} 42. Qf5+ {[%clk 0:21:13]} Re6 {[%clk 0:38:34]} 43. Qc2 {[%clk 0:20:15]}
Rae1 {[%clk 0:37:36]} 44. g4 {[%clk 0:19:31]} R1e2 {[%clk 0:36:38]} 45. Qf5
{[%clk 0:15:53]} Re5 {[%clk 0:34:21]} 46. Qf3 {[%clk 0:15:19]} Rg5 {[%clk
0:31:56]} 47. Kg3 {[%clk 0:14:11]} Reg6 {[%clk 0:30:48]} 48. a3 {[%clk 0:11:31]}
Rxg4+ {[%clk 0:29:16]} 49. Qxg4+ {[%clk 0:11:47]} Rxg4+ {[%clk 0:29:40]} 50. Kxg4
{[%clk 0:12:13]} Ke6 {[%clk 0:27:32]} 51. f4 {[%clk 0:11:54]} Kf6 {[%clk
0:27:36]} 52. f5 {[%clk 0:11:33]} c6 {[%clk 0:25:43]} 53. Kf4 {[%clk 0:07:10]} d5
{[%clk 0:22:51]} 54. c5 {[%clk 0:03:42]} 1/2-1/2

[Event "Greek Team Championship"]
[Site "chess24.com"]
[Date "2017.07.04"]
[Round "3"]
[White "Batsi, Eleni"]
[Black "Grafakou, Sotiria-Aphrodite"]
[Result "0-1"]
[Board "7"]
[WhiteElo "1019"]
[WhiteCountry "GRE"]
[WhiteFideId "25837532"]
[WhiteEloChange "-2"]
[BlackElo "1695"]
[BlackCountry "GRE"]
[BlackFideId "4249879"]
[BlackEloChange "2"]

1. d4 {[%clk 1:30:49]} Nf6 {[%clk 1:30:40]} 2. Nf3 {[%clk 1:31:04]} e6 {[%clk
1:30:57]} 3. Bg5 {[%clk 1:30:59]} Be7 {[%clk 1:30:36]} 4. e3 {[%clk 1:30:33]} c5
{[%clk 1:29:49]} 5. Nbd2 {[%clk 1:27:40]} Nc6 {[%clk 1:29:13]} 6. c3 {[%clk
1:26:46]} b6 {[%clk 1:24:41]} 7. Bd3 {[%clk 1:26:01]} d5 {[%clk 1:24:32]} 8. h3
{[%clk 1:22:33]} Qc7 {[%clk 1:19:07]} 9. O-O {[%clk 1:20:30]} Bb7 {[%clk
1:17:04]} 10. Bb5 {[%clk 1:12:41]} O-O {[%clk 1:13:52]} 11. Bxc6 {[%clk 1:10:52]}
Bxc6 {[%clk 1:13:52]} 12. Ne5 {[%clk 1:10:25]} Bb5 {[%clk 1:09:39]} 13. Re1
{[%clk 1:09:25]} Qd8 {[%clk 1:08:09]} 14. Qc2 {[%clk 1:03:16]} Nd7 {[%clk
1:06:33]} 15. Bxe7 {[%clk 1:03:02]} Qxe7 {[%clk 1:06:44]} 16. Nef3 {[%clk
0:59:49]} Bc6 {[%clk 1:03:57]} 17. e4 {[%clk 0:50:42]} dxe4 {[%clk 0:59:38]} 18.
Nxe4 {[%clk 0:50:52]} Nf6 {[%clk 0:57:46]} 19. Ned2 {[%clk 0:48:54]} Rac8 {[%clk
0:55:12]} 20. dxc5 {[%clk 0:47:34]} Qxc5 {[%clk 0:48:41]} 21. Rad1 {[%clk
0:41:10]} Bd5 {[%clk 0:44:03]} 22. a3 {[%clk 0:33:28]} b5 {[%clk 0:37:10]} 23.
Nb3 {[%clk 0:27:42]} Qb6 {[%clk 0:35:27]} 24. Nbd2 {[%clk 0:22:49]} a5 {[%clk
0:32:48]} 25. Rc1 {[%clk 0:18:25]} Rc7 {[%clk 0:26:53]} 26. Qb1 {[%clk 0:13:52]}
Rfc8 {[%clk 0:25:18]} 27. Qa1 {[%clk 0:11:07]} Bxf3 {[%clk 0:25:18]} 28. Nxf3
{[%clk 0:11:19]} Rc4 {[%clk 0:12:42]} 29. Nd2 {[%clk 0:09:31]} Rf4 {[%clk
0:11:38]} 30. Rf1 {[%clk 0:09:03]} Nd5 {[%clk 0:09:22]} 31. Nf3 {[%clk 0:06:44]}
Rf6 {[%clk 0:05:55]} 32. Nd4 {[%clk 0:03:36]} Rg6 {[%clk 0:04:21]} 33. Ne2 {[%clk
0:02:17]} Qb7 {[%clk 0:02:14]} 34. Ng3 {[%clk 0:01:13]} Nf4 {[%clk 0:01:39]} 35.
f3 {[%clk 0:00:31]} Rxg3 {[%clk 0:01:57]} 36. Kh1 {[%clk 0:00:31]} Rxg2 {[%clk
0:01:54]} 37. Qb1 {[%clk 0:00:36]} Rg3 {[%clk 0:01:43]} 38. Rf2 {[%clk 0:00:35]}
Rxf3 {[%clk 0:01:37]} 39. Rxf3 {[%clk 0:00:34]} Qxf3+ {[%clk 0:02:02]} 40. Kg1
{[%clk 0:30:57]} Qg2# {[%clk 0:32:27]} 0-1

[Event "Greek Team Championship"]
[Site "chess24.com"]
[Date "2017.07.04"]
[Round "3"]
[White "Gkikas, Vasilios"]
[Black "Karamanis, Ioannis-Marios"]
[Result "1-0"]
[Board "8"]
[WhiteElo "1981"]
[WhiteCountry "GRE"]
[WhiteFideId "4256662"]
[WhiteEloChange "2"]
[BlackElo "1536"]
[BlackCountry "GRE"]
[BlackFideId "4289501"]
[BlackEloChange "-2"]

1. d4 {[%clk 1:29:59]} Nf6 {[%clk 1:30:27]} 2. c4 {[%clk 1:30:18]} c5 {[%clk
1:30:51]} 3. d5 {[%clk 1:30:34]} b5 {[%clk 1:31:14]} 4. cxb5 {[%clk 1:30:51]} a6
{[%clk 1:31:38]} 5. bxa6 {[%clk 1:31:15]} Bxa6 {[%clk 1:32:02]} 6. Nc3 {[%clk
1:31:37]} d6 {[%clk 1:32:04]} 7. e4 {[%clk 1:31:55]} Bxf1 {[%clk 1:32:27]} 8.
Kxf1 {[%clk 1:32:21]} g6 {[%clk 1:32:35]} 9. g3 {[%clk 1:32:45]} Bg7 {[%clk
1:33:00]} 10. Kg2 {[%clk 1:33:09]} O-O {[%clk 1:33:26]} 11. Nf3 {[%clk 1:33:34]}
Nbd7 {[%clk 1:33:51]} 12. Qe2 {[%clk 1:33:31]} Ng4 {[%clk 1:29:35]} 13. a4 {[%clk
1:29:25]} Qb6 {[%clk 1:27:43]} 14. Nb5 {[%clk 1:25:24]} Nge5 {[%clk 1:27:55]} 15.
Nxe5 {[%clk 1:24:06]} Nxe5 {[%clk 1:28:18]} 16. f4 {[%clk 1:24:29]} Nd7 {[%clk
1:28:43]} 17. Be3 {[%clk 1:24:13]} Nb8 {[%clk 1:28:01]} 18. h4 {[%clk 1:16:06]}
f5 {[%clk 1:22:51]} 19. exf5 {[%clk 1:14:59]} Rxf5 {[%clk 1:23:12]} 20. Bf2
{[%clk 1:15:22]} Qb7 {[%clk 1:23:20]} 21. Rhd1 {[%clk 1:15:34]} Na6 {[%clk
1:22:29]} 22. Kg1 {[%clk 1:08:48]} Nb4 {[%clk 1:21:21]} 23. Nc3 {[%clk 1:09:10]}
Rb8 {[%clk 0:48:52]} 24. a5 {[%clk 1:06:20]} Nxd5 {[%clk 0:34:32]} 25. Nxd5
{[%clk 1:06:24]} Rxd5 {[%clk 0:34:58]} 26. Qe6+ {[%clk 1:06:46]} 1-0